Statistics for Western Bulldogs Theme Song

Click here to take the quiz!

General Stats

  • This quiz has been taken 130 times
  • The average score is 40 of 43

Answer Stats

Answer% Correct
Bulldog
99%
We
99%
We
99%
West
99%
West
99%
And
98%
And
98%
And
98%
Blue
98%
Red
98%
White
98%
The
97%
The
97%
The
97%
The
97%
The
97%
Of
96%
Of
96%
Of
96%
Sons
95%
Come
93%
Mighty
93%
Out
93%
Snarling
93%
Bulldogs
92%
Bulldogs
92%
Bulldogs
92%
Through
91%
Through
91%
Best
90%
You
90%
Team
89%
Very
89%
We're
89%
Boys
88%
Our
88%
Beat
87%
Roar
87%
Can't
86%
Give
84%
Breed
83%
But
82%
Bite
78%

Score Distribution

Percentile by Number Answered

Percent of People with Each Score

Your Score History

You have not taken this quiz